La dinámica de las contradicciones en la coyuntura nacional actual /

Guardat en:
Dades bibliogràfiques
Autor principal: Mayer, Susana
Format: Llibre
Idioma:Spanish
Etiquetes: Afegir etiqueta
Sense etiquetes, Sigues el primer a etiquetar aquest registre!

MARC

LEADER 00000nam a22000007a 4500
003 cru CIDCACS/IIS
005 20180405092027.0
007 ta
008 180405s1983 cr |||p|r||||||0| ||spa|d
999 |c 41227  |d 41227 
040 |c cru CIDCACS/IIS 
100 1 |9 6872  |a Mayer, Susana 
245 1 3 |a La dinámica de las contradicciones en la coyuntura nacional actual /  |c Susana Mayer 
300 |a páginas 67-79 
773 0 |0 41224  |9 1935  |a Comité Patriótico Nacional  |d San José, Costa Rica: El Comité,  |o 17717  |t Copan: 
942 |2 ddc  |c PP